NIGERIA in the twentieth century: history, governance and society/
Guardat en:
| Format: | Llibre |
|---|---|
| Idioma: | anglès |
| Publicat: |
Connel Publishers
2017
|
| Etiquetes: |
Afegir etiqueta
Sense etiquetes, Sigues el primer a etiquetar aquest registre!
|
MARC
| LEADER | 00000nam a22000007a 4500 | ||
|---|---|---|---|
| 008 | 210819b ||||| |||| 00| 0 eng d | ||
| 020 | |a ISBN: 978-978-955-190-3 | ||
| 245 | |a NIGERIA in the twentieth century: |b history, governance and society/ |c Olutayo C. Adesina |g xv, 285p., ill. | ||
| 250 | |c edited by Olutayo C. Adesina | ||
| 260 | |b Connel Publishers |c 2017 |h Ibadan |i 691606 – Arts |i 691607 |l JQ3086 .N56 |m 1. Federal government – Nigeria. |m 2. Nigeria – Politics and government – 1960-Congresses |m I. Adesina, Olutayo C. | ||
| 500 | |a “It includes index and references” | ||
| 942 | |a lcc |c BK |e j. o. ifatola |f 19/ 08/ 2021 | ||
| 952 | |0 0 |1 0 |2 lcc |4 0 |6 JQ3086 N56 |7 0 |9 3189 |a ART |b HOL |c GJ |d 2021-08-19 |l 0 |o JQ3086 .N56 |p 2021-66887 |r 2021-08-19 00:00:00 |w 2021-08-19 |y BK | ||
| 952 | |0 0 |1 0 |2 lcc |4 0 |6 JQ3086 N56 |7 0 |9 3190 |a ART |b HOL |c GJ |d 2021-08-19 |l 0 |o JQ3086 .N56 |p 2021-66888 |r 2021-08-19 00:00:00 |w 2021-08-19 |y BK | ||
| 952 | |0 0 |1 0 |2 lcc |4 0 |6 GV0363 R47 |7 0 |9 3203 |a ED |b HOL |c GJ |d 2021-08-19 |l 0 |o GV363 .R47 |p 2021-66901 |r 2021-08-19 00:00:00 |w 2021-08-19 |y BK | ||
| 999 | |c 1609 |d 1609 | ||